|
|
|
|
| LEADER |
00000cam a2200000 7i4500 |
| 001 |
0000002037 |
| 005 |
20020905.0 |
| 020 |
0 |
0 |
|a 9679785416
|
| 090 |
0 |
0 |
|a 581.634
|b CHE 2001
|
| 245 |
0 |
0 |
|a CHEMICAL prospecting in the Malaysian forest
|c edited by Ghazally Ismail, Murtedza Mohamed, Laily bin Din
|
| 260 |
0 |
0 |
|a Subang Jaya, Selangor :
|b Pelanduk Pub. ,
|c 1995, 2001
|
| 300 |
|
|
|a 228 p. :
|b ill. ;
|c 23 cm.
|
| 500 |
0 |
0 |
|a Includes bibliographical references
|
| 650 |
0 |
0 |
|a Botanical chemistry
|z Malaysia
|
| 650 |
0 |
0 |
|a Medicinal plants
|z Malaysia
|
| 650 |
0 |
0 |
|a Plants compositions
|z Malaysia
|
| 700 |
0 |
1 |
|a Ghazally Ismail ,
|c 1949-
|
| 700 |
0 |
1 |
|a Laily bin Din
|
| 700 |
0 |
1 |
|a Murtedza Mohamed
|
| 998 |
|
|
|a JPSM
|
| 999 |
|
|
|a 0000003412
|b Monograph
|c Open Shelf
|e Default branch
|